[Event "SRB-ch sf"]
[Site "Belgrade"]
[Date "2016.03.22"]
[Round "2"]
[White "Zmijanac, Dusko"]
[Black "Turan, Mihal"]
[Result "1-0"]
[WhiteElo "2144"]
[BlackElo "1906"]
[PlyCount "68"]
[EventDate "2016.03.21"]
[EventType "swiss"]
[EventRounds "9"]
[EventCountry "SRB"]
[SourceTitle "CBM 171 Extra"]
[Source "ChessBase"]
[SourceDate "2016.04.26"]
[SourceVersion "1"]
[SourceVersionDate "2016.04.26"]
[SourceQuality "1"]

1. d4 g6 2. e4 Bg7 3. c4 c5 4. d5 d6 5. h3 Nf6 6. Nc3 0-0 7. Nf3 Re8 8. Be2 e6 9. 0-0 exd5 10. exd5 Na6 11. Bd3 Bd7 12. Bf4 Qb6 13. Qd2 Nb4 14. Bb1 Na6 15. a3 Rad8 16. Bd3 Nc7 17. b4 cxb4 18. axb4 Na6 19. Rab1 Rc8 20. Be3 Qc7 21. Nd4 Qd8 22. Ncb5 Bxb5 23. Nxb5 Ne4 24. Qc2 f5 25. Nxa7 Ra8 26. Nb5 Be5 27. Rfe1 Qh4 28. Nd4 Ng5 29. Bxg5 Qxd4 30. Bd2 Rac8 31. Qb3 Nb8 32. Re2 Nd7 33. Rbe1 Kg7 34. Bc3 Qh4 1-0

[Event "Belgrade Trophy 27th"]
[Site "Obrenovac"]
[Date "2013.11.24"]
[Round "1"]
[White "Turan, Mihal"]
[Black "Popovic, Aleksandar M"]
[Result "0-1"]
[WhiteElo "1924"]
[BlackElo "2313"]
[PlyCount "63"]
[EventDate "2013.11.24"]
[EventType "swiss"]
[EventRounds "9"]
[EventCountry "SRB"]
[SourceTitle "CBM 157 Extra"]
[Source "ChessBase"]
[SourceDate "2013.12.19"]
[SourceVersion "1"]
[SourceVersionDate "2013.12.19"]
[SourceQuality "1"]

1. e4 g6 2. d4 Bg7 3. Nf3 d6 4. Bd3 Bg4 5. c3 Nc6 6. h3 Bxf3 7. Qxf3 e5 8. d5 Nce7 9. Be3 Nf6 10. Nd2 0-0 11. Bg5 Nh5 12. g4 Nf4 13. Bxf4 exf4 14. Qxf4 c6 15. dxc6 bxc6 16. 0-0 Rb8 17. Rab1 d5 18. Rfd1 Qa5 19. a3 Rbd8 20. Nf3 Qb6 21. Bc2 Rfe8 22. Nd4 dxe4 23. Bxe4 Bxd4 24. Rxd4 Rxd4 25. cxd4 Qxd4 26. Qf3 Rb8 27. b3 Rb6 28. Rd1 Qe5 29. Rd7 a5 30. Ra7 c5 31. Rxa5 Rf6 32. Qe3 0-1

[Event "Belgrade Trophy 26th"]
[Site "Belgrade"]
[Date "2012.11.28"]
[Round "5"]
[White "Stamatovic, Aleksandar"]
[Black "Turan, Mihal"]
[Result "1-0"]
[WhiteElo "2181"]
[BlackElo "1955"]
[PlyCount "31"]
[EventDate "2012.11.24"]
[EventType "swiss"]
[EventRounds "9"]
[EventCountry "SRB"]
[SourceTitle "CBM 151 Extra"]
[Source "ChessBase"]
[SourceDate "2012.12.18"]
[SourceVersion "1"]
[SourceVersionDate "2012.12.18"]
[SourceQuality "1"]

1. e4 c5 2. Nf3 Nc6 3. Bb5 d6 4. 0-0 Qc7 5. c3 Bd7 6. d4 cxd4 7. cxd4 e6 8. Nc3 Nf6 9. d5 Nd8 10. Bg5 a6 11. Bxd7+ Qxd7 12. Bxf6 gxf6 13. Nd4 h5 14. Na4 Qe7 15. Nb6 Rb8 16. Qa4+ 1-0

[Event "Belgrade Trophy 26th"]
[Site "Belgrade"]
[Date "2012.11.24"]
[Round "1"]
[White "Cvetkovic, Srdjan"]
[Black "Turan, Mihal"]
[Result "1-0"]
[WhiteElo "2389"]
[BlackElo "1955"]
[PlyCount "67"]
[EventDate "2012.11.24"]
[EventType "swiss"]
[EventRounds "9"]
[EventCountry "SRB"]
[SourceTitle "CBM 151 Extra"]
[Source "ChessBase"]
[SourceDate "2012.12.18"]
[SourceVersion "1"]
[SourceVersionDate "2012.12.18"]
[SourceQuality "1"]

1. c4 e5 2. Nc3 d6 3. d4 f5 4. dxe5 dxe5 5. Qxd8+ Kxd8 6. Nf3 e4 7. Ng5 Ke8 8. Bf4 c6 9. f3 h6 10. Nh3 Nf6 11. fxe4 fxe4 12. e3 Bxh3 13. gxh3 Bb4 14. Rc1 g5 15. Bg3 Nbd7 16. Be2 Ke7 17. 0-0 Bc5 18. Rcd1 Rad8 19. Kg2 Ke6 20. Bg4+ Nxg4 21. hxg4 Nf6 22. Rxd8 Rxd8 23. Rxf6+ Kxf6 24. Nxe4+ Ke7 25. Nxc5 Rd2+ 26. Kf3 Rxb2 27. a3 b6 28. Ne4 c5 29. Bb8 a6 30. Nc3 Kd7 31. a4 Kc6 32. Ke4 Rc2 33. Kd3 Rc1 34. e4 1-0

[Event "SRB-chT quality"]
[Site "Belgrade"]
[Date "2010.10.16"]
[Round "3"]
[White "Dikic, Veljko"]
[Black "Turan, Mihal"]
[Result "1/2-1/2"]
[WhiteElo "1817"]
[BlackElo "1911"]
[PlyCount "63"]
[EventDate "2010.10.09"]
[EventType "team-tourn"]
[EventRounds "11"]
[EventCountry "YUG"]
[SourceTitle "EXT 2011"]
[Source "ChessBase"]
[SourceDate "2010.11.26"]
[SourceVersion "1"]
[SourceVersionDate "2010.11.26"]
[SourceQuality "1"]

1. e4 c5 2. Nc3 Nc6 3. g3 g6 4. Bg2 Bg7 5. d3 d6 6. Be3 e6 7. Qd2 Bd7 8. Nge2 a6 9. d4 cxd4 10. Nxd4 Nge7 11. Rd1 Ne5 12. Qe2 Qc7 13. 0-0 Nc4 14. Bc1 b5 15. a3 Rd8 16. Nb1 0-0 17. c3 d5 18. exd5 Nxd5 19. Nd2 Nxd2 20. Bxd2 Nb6 21. Be3 e5 22. Nc2 Nc4 23. Nb4 Nxe3 24. Qxe3 Bc8 25. Rxd8 Rxd8 26. Bf3 Bb7 27. Rd1 Rxd1+ 28. Bxd1 a5 29. Nd3 Qc6 30. f3 Qd5 31. Kf2 a4 32. Be2 1/2-1/2